00414ntaaa2200157 45000030003000000050017000030080021000200400037000410820017000781000019000952450017001142500013001312600040001443000016001845000056002000120251027201933.00714s1973 ag 01  aAR-BaBNbspacAR-BaBNeaacrdRIC a245.0000 B64 aBouner, Clint  aHymn is born arev. ed. aNshville : bBroadman Press, c1959 axxi, 160 p. astories of favorite hymns and how they were written